000
00333nam a22001457a 4500
003
OSt
005
20160727222345.0
008
160621b xxu||||| |||| 00| 0 eng d
040
_c
test
100
_9
238
_a
Swill, J
245
_a
Gulliver's Travels
260
_a
UK
_b
Words Worth
_c
1994
300
_a
Gulliver's Travels
942
_2
ddc
_c
BK
999
_c
190
_d
190